000 00572nam a2200241Ia 4500
005 20260123164123.0
008 008 260114s9999 xx 000 0 eng d
020 _a9789387472709
037 _aEBOOK
040 _aCRL
040 _beng
040 _cCRL
041 _2eng
041 _aeng
084 _qCRL
100 _aGoel
_91106160
245 0 _aFinancial markets, institutions and services
260 _bPHI
856 _uhttps://elibrary.phindia.com/ebooks/reader/9789387472709
942 _cEBOOK
999 _c1671283
_d1671283